000 00656nam a2200265Ia 4500
005 20260121165757.0
008 008 260114s9999 xx 000 0 eng d
020 _a9783662477243
037 _aEBOOK
040 _aCRL
040 _beng
040 _cCRL
041 _2eng
041 _aeng
084 _qCRL
100 _aBegoƱa Gros, Kinshuk, Marcelo Maina
_91055895
245 4 _aThe Future of Ubiquitous Learning
260 _bSpringer
260 _bSpringer
260 _c2016
856 _uhttps://link.springer.com/openurl?genre=book&isbn=978-3-662-47724-3
942 _cEBOOK
999 _c1621623
_d1621623